| 000 | 00458nam a22001697a 4500 | ||
|---|---|---|---|
| 003 | NUST - PNEC | ||
| 005 | 20170116180859.0 | ||
| 008 | 150901b xxu||||| |||| 00| 0 eng d | ||
| 020 | _a0878915095 | ||
| 040 | _cLIBRARY | ||
| 082 | _b540.76 REA | ||
| 100 |
_96190 _aResearch and Education Association |
||
| 245 |
_aThe chemistry problem solver _cResearch and Education Association |
||
| 260 | _cc1977. | ||
| 650 |
_96191 _aChemistry _xME |
||
| 942 |
_2ddc _cBK |
||
| 999 |
_c64898 _d64898 |
||